Thoth / by Virginia Loh-Hagan.
Available copies
- 1 of 1 copy available at LARL/NWRL Consortium. (Show)
- 1 of 1 copy available at Lake Agassiz Regional Library.
Current holds
0 current holds with 1 total copy.
Show All Copies
| Location | Call Number / Copy Notes | Barcode | Shelving Location | Status | Due Date |
|---|---|---|---|---|---|
| Detroit Lakes Public Library | J 299.3121 LOH (Text) | 33500013130331 | Main | Available | - |
Record details
- ISBN: 9781534147768
- ISBN: 1534147764
- ISBN: 9781534150621
- ISBN: 1534150625
- Physical Description: 32 pages : col. ill. ; 24 cm.
- Publisher: Cherry Lake Publishing : Ann Arbor, Michigan, 2019.
Content descriptions
| Bibliography, etc. Note: | Includes bibliographical references (pages 31) and ... Read More |
| Formatted Contents Note: | Top of his class -- Family matters -- Thoth's ... Read More |
Search for related items by subject
| Subject: | Thoth (Egyptian deity) > Juvenile literature. Gods, Egyptian > Juvenile literature. Mythology, Egyptian > Juvenile literature. |
Search for related items by series
| LDR | 01470cam a2200421 i 4500 | ||
|---|---|---|---|
| 001 | 329623 | ||
| 003 | LARL_NWRL_CONSORTIUM | ||
| 005 | 20190918144204.0 | ||
| 008 | 190408s2019 miua j b 001 0 eng c | ||
| 010 | . | ‡a 2019004189 | |
| 040 | . | ‡aICU/DLC ‡beng ‡erda ‡cDLC ‡dOCLCO | |
| 020 | . | ‡a9781534147768 ‡q(hardcover) | |
| 020 | . | ‡a1534147764 | |
| 020 | . | ‡z9781534149199 ‡q(pdf) | |
| 020 | . | ‡a9781534150621 ‡q(pbk.) | |
| 020 | . | ‡a1534150625 | |
| 020 | . | ‡z9781534152052 ‡q(hosted ebook) | |
| 035 | . | ‡a(OCoLC)1098221263 | |
| 042 | . | ‡apcc | |
| 043 | . | ‡af-ua--- | |
| 082 | 0 | 0. | ‡a299/.312113 ‡223 |
| 100 | 1 | . | ‡aLoh-Hagan, Virginia, ‡eauthor. ‡0(LARL_NWRL_CONSORTIUM)221552 |
| 245 | 1 | 0. | ‡aThoth / ‡cby Virginia Loh-Hagan. |
| 264 | 1. | ‡aCherry Lake Publishing : ‡bAnn Arbor, Michigan, ‡c2019. | |
| 300 | . | ‡a32 pages : ‡bcol. ill. ; ‡c24 cm. | |
| 336 | . | ‡atext ‡2rdacontent | |
| 337 | . | ‡aunmediated ‡2rdamedia | |
| 338 | . | ‡avolume ‡2rdacarrier | |
| 490 | 0 | . | ‡aGods and goddesses of the ancient world |
| 504 | . | ‡aIncludes bibliographical references (pages 31) and index. | |
| 505 | 0 | . | ‡aTop of his class -- Family matters -- Thoth's duties -- Moon god -- Thoth to the rescue. |
| 600 | 0 | 0. | ‡aThoth ‡c(Egyptian deity) ‡vJuvenile literature. |
| 650 | 0. | ‡aGods, Egyptian ‡vJuvenile literature. | |
| 650 | 0. | ‡aMythology, Egyptian ‡vJuvenile literature. ‡0(LARL_NWRL_CONSORTIUM)173585 | |
| 901 | . | ‡a329623 ‡b ‡c329623 ‡tbiblio | |

Add to basket
Permalink
Disable Highlighting